✠ IKEA Chair or Swedish Swear ✠ Quiz Stats

 Plays Quiz not verified by Sporcle

Support Sporcle.
Go Orange.
Score 0/50 Timer 06:00
3 Plays Today
Chair or Swear Real Answer % Correct
ANTILOP???
77.6%
BLÅMES???
60.2%
BALSER???
60.1%
BOJNE???
58.6%
BOLIDEN???
57.4%
EKTORP???
56.2%
HENRIKSDAL???
55%
INGOLD???
54.1%
BÖRJE???
53.7%
KAUSTBY???
53.5%
LEKSVIK???
53.2%
HAROLA???
53.1%
ARSEL???
52.6%
MALTE???
52%
KIVIK???
51.9%
BOSSE???
51.1%
BYHOLMA???
50.9%
KORPO???
50.3%
POÄNG???
50%
REIDAR???
49.9%
NORDMYRA???
49.8%
TULLSTA???
49.2%
SKRUVSTA???
49%
TORBJÖRN???
48.9%
OLLE???
48.4%
Chair or Swear Real Answer % Correct
NISSE???
48.4%
TERJE???
48.3%
NORRNÄS???
48%
SNILLE???
47.3%
SPOLING???
46.9%
BÅNGE???
40.5%
DUMJÄVEL???
40.4%
BLATTE???
40%
FAN???
38.9%
FITTA???
38.1%
BÖG???
37.5%
KNULLARE???
36.5%
KUKSUGARE???
36.1%
SKIT???
35.7%
HORUNGE???
35.1%
JÄRNSPIKAR???
34.9%
JÄVLA???
34.8%
HELVETE???
34.5%
FJOLLA???
34.1%
SLAMPA???
34%
PATTAR???
33.9%
VÅLDTÄKTSMAN???
33.3%
RÖVHÅL???
32.9%
STÅLLE???
27.1%
SPRINGA???
23.8%

You're not logged in!

Compare scores with friends on all Sporcle quizzes.
OR
Log In

From the Vault

Recording Artist by Debut Album III

by MD_Law

Now do you happen to know if that was the only album that counted?
Remove Ads.
Support Sporcle.
Get the best of Sporcle when you Go Orange. This ad-free experience offers more features, more stats, and more fun while also helping to support Sporcle. Thank you for becoming a member.

Show Comments

Extras

Top Quizzes Today


Score Distribution

Your Account Isn't Verified!

In order to create a playlist on Sporcle, you need to verify the email address you used during registration. Go to your Sporcle Settings to finish the process.

Report this User

Report this user for behavior that violates our Community Guidelines.

Details: